Normal view MARC view

Entry Personal Name

Number of records used in: 1

001 - CONTROL NUMBER

  • control field: 1238113

003 - CONTROL NUMBER IDENTIFIER

  • control field: OSt

005 - DATE AND TIME OF LATEST TRANSACTION

  • control field: 20260430150642.0

008 - FIXED-LENGTH DATA ELEMENTS

  • fixed length control field: 260430|| aca||aabn | a|a d

040 ## - CATALOGING SOURCE

  • Original cataloging agency: OSt
  • Transcribing agency: OSt

100 ## - HEADING--PERSONAL NAME

  • Personal name: Puri Vaibhav Au.; Simrit Kaur Gu

670 ## - SOURCE DATA FOUND

  • Source citation: Work cat.: (OSt)1850305: Puri Vaibhav Au.; Simrit Kaur Gu., Transport and Economic Development: An Impact Assessment of Railroads in India Using Input-Output and Spatial Techniques, 2023
Copyright @ Delhi University Library System